Sports Quiz

Random Sports or College Quiz

College Football Stadiums vs. Enrollment Quiz Stats

 Plays Quiz not verified by Sporcle

Also try: Christmas Teams
Challenge
Share
Tweet
Embed
Score 0/20 Timer 06:00
0 Plays Today
Ranking School % Correct
15.Michigan
74.1%
17.Penn State
74.1%
8.Alabama
73.3%
6.LSU
72.6%
3.Tennessee
71.4%
13.Georgia
70.7%
7.Auburn
69.9%
11.Oklahoma
69%
1.Notre Dame
67%
4.Nebraska
63.4%
Ranking School % Correct
2.Clemson
61.6%
10.Mississippi
60.2%
5.Arkansas
58.7%
12.South Carolina
57.5%
9.Virginia
57.3%
14.Oregon
57.3%
19.Virginia Tech
50.5%
16.Kentucky
50.3%
18.Iowa
50.3%
20.Kansas State
44.7%

You're not logged in!

Compare scores with friends on all Sporcle quizzes.
OR
Log In

You Might Also Like...

Show Comments

Extras

Top Quizzes Today


Score Distribution

Your Account Isn't Verified!

In order to create a playlist on Sporcle, you need to verify the email address you used during registration. Go to your Sporcle Settings to finish the process.

Report this User

Report this user for behavior that violates our Community Guidelines.

Details: